| 000 | 00612nam a2200193Ia 4500 | ||
|---|---|---|---|
| 003 | GCL | ||
| 008 | 140319s9999 xx 000 0 ara d | ||
| 040 |
_aGCL / _cGCL |
||
| 082 | 0 | 4 |
_a342 _bو ت |
| 100 | 1 | _aوهيب عباد سلامة | |
| 245 | 1 | 0 |
_aالتدابير الداخلية / _cوهيب عباد سلامة |
| 260 |
_a[S.N] : _bمنشاة المعارف الاسلامية ، _c1983 |
||
| 300 | _a146 ص | ||
| 490 |
_aسلسلة الكتب القانونية _v0 |
||
| 650 | 0 | 4 | _aالقانون |
| 650 | 0 | 4 | _aالقانون العام |
| 650 | 0 | 4 | _aالقضاء الاداري |
| 942 |
_2ddc _cBK |
||
| 999 |
_c54624 _d54624 |
||